| 000 | 01189nam a22003017a 4500 | ||
|---|---|---|---|
| 999 |
_c21529 _d21529 |
||
| 003 | AR-CdUCM | ||
| 008 | 190311b ||||| |||| 00| 0 spa d | ||
| 020 | _a9786123171926 | ||
| 040 |
_aMUNICIPALIDAD PROVINCIAL DEL CUSCO _cBIBLIOTECA MUNICIPAL DEL CUSCO |
||
| 082 |
_a985.012/K265 _bK265 _2segunda |
||
| 100 |
_aKaulicke, Peter _915282 |
||
| 245 |
_aMemoria y muerte en el Perú antiguo / _cPeter Kaulicke |
||
| 260 |
_aLima : _bPontificia Universidad Católica del Perú, _c2016. |
||
| 300 |
_a381 páginas ; _bimágenes, mapas, planos ; _c24 cm. |
||
| 500 | _zBibliografía: p. [347]-381. | ||
| 505 | _aMemoria y muerte en el Cuzco siglo XVI -- La cronología y la muerte -- Cronología y muerte Mochicas -- Secuencias como transformaciones -- Vivir los ancestros en el Antiguo Perú... | ||
| 650 |
_aArqueología _9371 |
||
| 650 |
_aCulto a los antepasados _945255 |
||
| 650 |
_aIndígenas del Perú _95715 |
||
| 650 |
_aCostumbres y ritos fúnebres _945256 |
||
| 650 |
_aHuacas _915463 |
||
| 650 |
_aMuerte _92924 |
||
| 650 |
_aCusco _9772 |
||
| 650 |
_aMochica _915283 |
||
| 710 |
_aPontificia Universidad Católica del Perú _9400 |
||
| 942 |
_2ddc _cLIBROS |
||
| 945 | _aRoel | ||